Karnet ATA

Jednou zo služieb Colného a certifikačného útvaru Hospodárskej komory ČR je poskytovanie karnetov ATA a CPD. Charakteristika medzinárodného colného dokladu karnet ATA. Systém využívania karnetov ATA a CPD pri dočasnom použití. Obsah dokladov karnetov ATA a CPD. Karnet ATA plní aj funkciu záruky. Náh...

Descripción completa

Guardado en:
Detalles Bibliográficos
Autor principal: Šamša, Petr
Otros Autores: Stuchlík, Karel
Formato: Capítulo de libro
Lenguaje:checo
Materias:
Etiquetas: Agregar Etiqueta
Sin Etiquetas, Sea el primero en etiquetar este registro!

MARC

LEADER 00000naa a2200000 4500
001 r039416
005 20230908092326.5
041 0 |a cze 
044 |a CZ 
245 1 0 |a Karnet ATA  |c Petr Šamša, Karel Stuchlík 
520 |a Jednou zo služieb Colného a certifikačného útvaru Hospodárskej komory ČR je poskytovanie karnetov ATA a CPD. Charakteristika medzinárodného colného dokladu karnet ATA. Systém využívania karnetov ATA a CPD pri dočasnom použití. Obsah dokladov karnetov ATA a CPD. Karnet ATA plní aj funkciu záruky. Náhradné doklady v prípade straty dokladov pre dočasné použitie. Použitie karnetu ATA. 
610 2 0 |a clá 
610 2 0 |a dovoz 
610 2 0 |a vývoz 
610 2 0 |a sadzby colné 
610 2 0 |a karnety ATA 
610 2 0 |a karnety CPD 
610 2 0 |a clá dovozné 
610 2 0 |a Česko 
100 1 |a Šamša, Petr 
700 1 |a Stuchlík, Karel